00532nam a22001817a 450000500170000001000170001702000260003402000230006003500170008303700240010008200180012410000180014224500540016026000360021427000570025030000260030749000170033320120123110227.0 aB-445717-721 a9788125028024c325.00 a8125028021c325.00 aB-445717-721 adplbAllied Pub/Ven a791.430233092 aHood, John W. aThe films of Buddhadeb Dasgupta /cby John W.Hood aHyderabadbOrient Longmanc2005 a3-6-752 HimayatnagarbHyderabade500029 (A.P.) India aviii,223p.c21cm(pbk) aFilm Studies